000 00992cam a22003374a 4500
001 85801
005 20230410120844.0
008 070402s2007 it b 000 0 ita
010 _a 2007435437
035 _a(OCoLC)ocn100747303
040 _aDLC
_cDLC
_dC3L
020 _a9788449322839
020 _a8881126060
029 1 _aC3L
_b06538851
035 _a(OCoLC)100747303
045 _aw1w9
_ax0x4
_ax4x-
050 1 4 _aHX73
_bV352e 2009
082 1 4 _a335
_221
100 1 _aVattimo, Gianni,
_d1936-
245 1 0 _aEcce comu :
_bcomo se llega a ser lo que se era /
_cGianni Vattimo. (Traduccion de Rosa Ruis Gatell y Carme Castells Auleda)
250 _a1. ed.
260 _aRoma :
_bFazi,
_c2009
300 _a173 p. ;
_c20 cm.
440 3 _aLe terre ;
_v150
504 _aincluye referencias bibliograficas (p. [171]-173).
650 0 _aComunismo
938 _aTalleres Brosmac, S.L.
_bCASA
_n06538851
_c12.50 EUR
942 _2lcc
_cbk
994 _aC0
_bDRFGD
946 _aAAG
999 _c53202
_d53202